Exploring our sun / (Record no. 1874)

MARC details
000 -LEADER
fixed length control field 01144cam a2200349 a 4500
001 - CONTROL NUMBER
control field 1874
003 - CONTROL NUMBER IDENTIFIER
control field FISKH
005 - DATE AND TIME OF LATEST TRANSACTION
control field 20231006112506.0
008 - FIXED-LENGTH DATA ELEMENTS--GENERAL INFORMATION
fixed length control field 120905s2013 nyua j b 001 0 eng c
010 ## - LIBRARY OF CONGRESS CONTROL NUMBER
LC control number 2012035788
020 ## - INTERNATIONAL STANDARD BOOK NUMBER
International Standard Book Number 9780531255025 (library binding)
020 ## - INTERNATIONAL STANDARD BOOK NUMBER
International Standard Book Number 9780531240625
040 ## - CATALOGING SOURCE
Original cataloging agency PSt/DLC
Language of cataloging eng
Transcribing agency PSt
Modifying agency DLC
042 ## - AUTHENTICATION CODE
Authentication code pcc
050 00 - LIBRARY OF CONGRESS CALL NUMBER
Classification number QB521.5
Item number .J46 2013
082 00 - DEWEY DECIMAL CLASSIFICATION NUMBER
Classification number 523.7
Edition number 23
100 1# - MAIN ENTRY--PERSONAL NAME
Personal name Jemison, Mae,
Dates associated with a name 1956-
245 10 - TITLE STATEMENT
Title Exploring our sun /
Statement of responsibility, etc. by Mae Jemison and Dana Meachen Rau.
260 ## - PUBLICATION, DISTRIBUTION, ETC.
Place of publication, distribution, etc. New York :
Name of publisher, distributor, etc. Scholastic,
Date of publication, distribution, etc. 2013.
300 ## - PHYSICAL DESCRIPTION
Extent 48 pages :
Other physical details color illustrations;
Dimensions 22 cm.
490 0# - SERIES STATEMENT
Series statement A true book
490 0# - SERIES STATEMENT
Series statement Dr. Mae Jemison and 100 year starship
505 0# - FORMATTED CONTENTS NOTE
Formatted contents note T<br/>
520 ## - SUMMARY, ETC.
Summary, etc. "This book explains what the Sun is and how it affects the rest of the solar system"--Provided by publisher.
521 2# - TARGET AUDIENCE NOTE
Target audience note 810<br/>
Source Lexile<br/>
521 2# - TARGET AUDIENCE NOTE
Target audience note T<br/>
Source Raz-Plus<br/>
651 #0 - SUBJECT ADDED ENTRY--GEOGRAPHIC NAME
Geographic name Sun
Form subdivision Juvenile literature.
700 1# - ADDED ENTRY--PERSONAL NAME
Personal name Rau, Dana Meachen,
Dates associated with a name 1971-
Relator term Author
906 ## - LOCAL DATA ELEMENT F, LDF (RLIN)
a 7
b cbc
c orignew
d 1
e ecip
f 20
g y-gencatlg
942 ## - ADDED ENTRY ELEMENTS (KOHA)
Source of classification or shelving scheme Dewey Decimal Classification
Koha item type Books
Suppress in OPAC No
Holdings
Withdrawn status Lost status Source of classification or shelving scheme Damaged status Not for loan Collection Home library Current library Shelving location Date acquired Total Checkouts Full call number Barcode Date last seen Copy number Price effective from Koha item type
    Dewey Decimal Classification     Non-Fiction Footprints International School Library Network Toul Kork Campus Footprints International School Library Network Toul Kork Campus A TK Campus, 4th Floor, Room B401, Non-Fiction Bookcases(7-8) 10/06/2023   JEM 523.7 QB521.J46 FISTK01233 10/06/2023 1 10/06/2023 Books
    Dewey Decimal Classification     Non-Fiction Footprints International School Library Network Toul Kork Campus Footprints International School Library Network Toul Kork Campus TTP Secondary Non-Fiction Bookshelves 10/06/2023   JEM 523.7 QB521.J46 FIS04832 11/28/2024 2 10/06/2023 Books
    Dewey Decimal Classification     Non-Fiction Footprints International School Library Network Toul Kork Campus Footprints International School Library Network Toul Kork Campus TTP Secondary Non-Fiction Bookshelves 10/06/2023   JEM 523.7 QB521.J46 FISSE05991 01/17/2025 3 10/06/2023 Books